Prehistoria y Antigüedad en el Alto Valle del Río Almanzora (Almería, España)

Saved in:

Main Authors: Martínez Padilla, Catalina (Author), de la Paz Román Díaz, María (Author), López Medina, María Juana (Author)

Format: Book

Published: Oxford Archaeopress Publishing Ltd 2024

Tags: Add Tag

No Tags, Be the first to tag this record!

Call Number:

LEADER 00808namaa2200193 4500
001 9781803277776
003 UkOxAP
005 20260405155014.0
020 |a 9781803277783 
776 1 |x 9781803277776 
245 0 0 |a Prehistoria y Antigüedad en el Alto Valle del Río Almanzora (Almería, España) 
100 1 |a Martínez Padilla, Catalina  |e Author  |l Spanish 
700 1 |a de la Paz Román Díaz, María  |e Author  |l Spanish 
700 1 |a López Medina, María Juana  |e Author  |l Spanish 
856 4 2 |a http://library.arce.org:8087/Archaeopress/Products/9781803277783 
260 |a Oxford  |b Archaeopress Publishing Ltd  |c 2024 
270 |a Archaeopress Publishing Ltd, Summertown Pavillion, 18 -24 Middle Way, Summertown  |b Oxford  |d United Kingdom  |e OX2 7LG  |k 44-1865-311914  |m info@archaeopress.com 
942 |2 lcc  |c EBOOK 
999 |c 62004  |d 62004